phrasal verbs - Statistiques

Statistiques générales
  • Ce quiz a été pris 88 fois
  • Le résultat moyen est 2 sur 20
Statistiques - réponses
Hint Réponse % Correct
complete / or accomplish something carry out
100%
continue with the same keep on
100%
to take care of look after
100%
faint pass out
100%
tolerate put up with
100%
end a relationship break up
67%
cancel call off
50%
to tidy clean up
50%
no eat at home eat out
50%
to have a good relationship with get along with
50%
to review go over
50%
get older grow up
50%
to be in place or state bcs of doing sth end up
33%
exhaust supply run out of
33%
to respcet the law abide by
0%
to represent account for
0%
To calculate a sum/ to make sense Add up
0%
equal an amount add up to
0%
Invite on a date Ask out
0%
not keep a promise / deal / agreement back out
0%
not keep a promise / deal / agreement back out of
0%
more than you expected bargain for
0%
be patient bear with
0%
to be busy /to live up to be up to
0%
to be the most important aspect of something boil down to
0%
stop functioning break down
0%
interrupt break in
0%
End something Break off
0%
appear violently break out
0%
escape break out of
0%
to cause to happen Bring about
0%
to persuade Bring around
0%
to make unhappy Bring someone down
0%
mention a topic / raise children bring up
0%
destroy by setting fire to Burn down
0%
buy the shares of someone or company Buy out
0%
require as in a receipe call for
0%
to telephone call up
0%
not to like care for
0%
become popular catch on
0%
keep abreast catch up with
0%
to make sure something is ok check on
0%
investigate check out
0%
examinate, investigate check up on
0%
to make up cheer someone up
0%
close a place permanently close down
0%
to change your mind come around
0%
return to a place come back
0%
to be the most important aspect of something come down to
0%
become sick with come down with
0%
enter come in
0%
to visit come over
0%
to give the impression come over as
0%
regain consciousness come to
0%
to contribute ( money, suggestion ) come up with
0%
become tougher on, better enforce laws on crack down on
0%
to reduce cut down on
0%
to interrupt cut in
0%
to become extinct die off/out
0%
to get rid of do away with
0%
to manage without something one wants or need do without
0%
to visit without appointment drop by
0%
leave school drop out of
0%
to eat at home eat in
0%
be able to use in case of emergency fall back on
0%
go slower than scheduled fall behind
0%
have an argument with fall out with
0%
find out losing logic figure out
0%
to do someones's job while they are away fill in for
0%
complete a form fill in /out
0%
to give someone the necessary infos fill someone in
0%
fill to capacity fill up
0%
discover find out
0%
to try to make people undertsand get accros
0%
to escape blame get away with
0%
survive/manage get by
0%
to depress get down
0%
to get serious about a topic get down to
0%
to contact someone get on to
0%
to make progress with get on with
0%
to recover from sickness or disapointment get over
0%
to eliminate get rid of
0%
to finish get through with
0%
arise get up
0%
give something freely give away
0%
distribute give out
0%
return to a place go back
0%
to crave, to compete for, to attack go for
0%
continue go on
0%
happen go on 2
0%
to use up, consume go through
0%
submit Hand in
0%
distribute hand out
0%
to spend time with hang out with
0%
put something on a hook hang up
0%
delay hold up
0%
rob hold up 2
0%
enter a conversation jump in
0%
to persevere keep at it
0%
remain at a distance keep away
0%
prevent from enterring keep out
0%
to maintain pace with keep up with
0%
to start kick off
0%
omit leave out
0%
to keep a standard live up to
0%
to despise look down to
0%
to anticipate with pleasure look forward to
0%
to investigate look into
0%
to be careful, anticipate look out for
0%
examine, check look over
0%
search in a list look up
0%
to respect look up to
0%
to think, to have an opinion make of
0%
hear, understand make out
0%
verify make sure of
0%
invent a story or lie make up
0%
to compensate make up for
0%
to be nice to someone to take advantage make up to
0%
not to seize miss out on
0%
transmit pass on
0%
distribute / to faint pass out
0%
give back the money you owe pay off
0%
to bring some benefit pay off
0%
lift someting up pick up
0%
make less important play down
0%
call attention to point out
0%
to succeed in doing sth pull off
0%
to suggest put forward
0%
postpone put off
0%
extinguish put out
0%
eliminate rule out
0%
find by chance run across
0%
compete in an election run against
0%
meet by chance run into
0%
say goodbye see off
0%
to arrange, to begin , to create set up
0%
demonstrate haughtily show off
0%
to arrive show up
0%
to find a solution sort out
0%
resemble take after
0%
be responsible for take care of
0%
to absorb / to undertsand take in
0%
remove clothing , to start flying, to become succesfull take off
0%
to accept / to start employing someone take on
0%
to take control of sth take over
0%
to start doing something regularly as a habit / to start working take up
0%
discuss talk over
0%
to convince someone talk someone into
0%
to convince someone not to do talk someone out of
0%
to use sth or someone or get some benefit from it tap into
0%
recall think back on
0%
to consider the fact about sth think through
0%
discard throw away
0%
test try out
0%
lower volume turn down
0%
reject turn down 2
0%
switch off electricty turn off
0%
repulse turn off 2
0%
switch on electricty turn on
0%
to develop in a particular way turn out
0%
raise the volume turn up
0%
exhaust , use completely use up
0%
to win walk away with
0%
abandon walk out on
0%
to persude someone to agree win over
0%
consider that smn will fail write off
0%
Aucun quiz correspondant
Distribution des résultats
% des personnes avec chaque résultat
Percentile par nombre de réponses
Votre historique - résultats
Vous n’avez pas pris ce quiz